| 000 | 01040nam a22002777a 4500 | ||
|---|---|---|---|
| 005 | 20240530110456.0 | ||
| 008 | 150604s2010 ua adk g b 000 0 ara d | ||
| 017 |
_a2009/20374 _bمصر . دار الكتب المصرية |
||
| 020 | _a9789774114650 | ||
| 040 | _aEG-CaGPL | ||
| 082 | 0 | 4 |
_221 _a302.1\ _bف د |
| 100 | 0 | _aفادية عمر الجولانى | |
| 245 | 1 | 0 |
_aدراسة حول الشخصية العربية / _cفادية عمر الجولانى |
| 250 | _aط1 | ||
| 260 |
_aالقاهرة : _bالمكتبة المصرية للنشر و التوزيع ، _c2010 . |
||
| 300 |
_a232 ص : _bايض ؛ _c24 سم . |
||
| 504 | _aيشتمل على ارجاعات ببليوجرافية | ||
| 650 | 0 | 4 | _aالتغير الاجتماعى |
| 650 | 0 | 4 | _aالتطور الاجتماعى |
| 650 | 0 | 4 | _aالبيئة و الانسان |
| 650 | 0 | 4 | _aالتكيف الاجتماعى |
| 650 | 0 | 4 | _aالشخصية |
| 650 | 0 | 4 | _aالسلوك الاجتماعى |
| 942 |
_2ddc _cBK |
||
| 999 |
_c61362 _d61362 |
||